Polscy Medaliści Olimpijscy W Lekkoatletyce - Statystyki

Ogólne statystyki
  • Ten quiz został rozwiązany 99 razy
    77 od ostatniego zresetowania
  • Średni wynik to 59 z 92
Statystyki odpowiedzi
Wskazówka Odpowiedź % Poprawnych
2020 Tokio Natalia Kaczmarek
100%
2020 Tokio Natalia Kaczmarek
100%
2024 Paryż Natalia Kaczmarek
100%
2012 Londyn Anita Włodarczyk
98%
2016 Rio de Janeiro Anita Włodarczyk
98%
2020 Tokio Anita Włodarczyk
98%
2016 Rio de Janeiro Wojciech Nowicki
95%
2020 Tokio Wojciech Nowicki
95%
2020 Tokio Paweł Fajdek
93%
1968 Meksyk Irena Szewińska
91%
1968 Meksyk Irena Szewińska
91%
1972 Monachium Irena Szewińska
91%
1976 Montreal Irena Szewińska
91%
2020 Tokio Justyna Święty-Ersetic
91%
2020 Tokio Justyna Święty-Ersetic
91%
2008 Pekin Tomasz Majewski
89%
2012 Londyn Tomasz Majewski
89%
2020 Tokio Kajetan Duszyński
88%
1996 Atlanta Robert Korzeniowski
88%
2000 Sydney Robert Korzeniowski
88%
2000 Sydney Robert Korzeniowski
88%
2004 Ateny Robert Korzeniowski
88%
2008 Pekin Piotr Małachowski
86%
2016 Rio de Janeiro Piotr Małachowski
86%
2000 Sydney Kamila Skolimowska
82%
1980 Moskwa Władysław Kozakiewicz
79%
2020 Tokio Iga Baumgart-Witan
74%
2020 Tokio Maria Andrejczyk
74%
2000 Sydney Szymon Ziółkowski
74%
1992 Barcelona Artur Partyka
72%
1996 Atlanta Artur Partyka
72%
2020 Tokio Dawid Tomala
72%
1976 Montreal Jacek Wszoła
72%
1980 Moskwa Jacek Wszoła
72%
1932 Los Angeles Janusz Kusociński
72%
2020 Tokio Malwina Kopron
72%
2020 Tokio Anna Kiełbasińska
70%
1928 Amsterdam Halina Konopacka
70%
2020 Tokio Karol Zalewski
70%
2020 Tokio Małgorzata Hołub-Kowalik
70%
2020 Tokio Małgorzata Hołub-Kowalik
70%
2020 Tokio Małgorzata Hołub-Kowalik
70%
1976 Montreal Bronisław Malinowski
68%
1980 Moskwa Bronisław Malinowski
68%
2020 Tokio Patryk Dobek
67%
2004 Ateny Anna Rogowska
65%
1972 Monachium Władysław Komar
65%
1932 Los Angeles Stanisława Walasiewicz
61%
1936 Berlin Stanisława Walasiewicz
61%
1976 Montreal Tadeusz Ślusarski
61%
1980 Moskwa Tadeusz Ślusarski
61%
1960 Rzym Józef Szmidt
56%
1964 Tokio Józef Szmidt
56%
1956 Melbourne Elżbieta Krzesińska
54%
1960 Rzym Elżbieta Krzesińska
54%
1964 Tokio Ewa Kłobukowska
53%
1964 Tokio Ewa Kłobukowska
53%
1980 Moskwa Marian Woronin
53%
1956 Melbourne Janusz Sidło
49%
1960 Rzym Zdzisław Krzyszkowiak
49%
1964 Tokio Teresa Ciepły
47%
1964 Tokio Teresa Ciepły
47%
1980 Moskwa Lucyna Langer
46%
1936 Berlin Maria Kwaśniewska
46%
1964 Tokio Andrzej Badeński
44%
2020 Tokio Dariusz Kowaluk
44%
1964 Tokio Irena Kirszenstein
44%
1964 Tokio Irena Kirszenstein
44%
1964 Tokio Irena Kirszenstein
44%
1960 Rzym Tadeusz Rut
44%
1964 Tokio Andrzej Zieliński
42%
1960 Rzym Kazimierz Zimny
42%
1980 Moskwa Leszek Dunecki
42%
1980 Moskwa Zenon Licznerski
42%
1932 Los Angeles Jadwiga Wajs
40%
1936 Berlin Jadwiga Wajs
40%
1976 Montreal Jan Werner
40%
1980 Moskwa Urszula Kielan
40%
1964 Tokio Wiesław Maniak
40%
1964 Tokio Halina Górecka
39%
1980 Moskwa Krzysztof Zwoliński
39%
1964 Tokio Marian Foik
39%
1972 Monachium Ryszard Katus
39%
1960 Rzym Barbara Janiszewska
37%
1960 Rzym Celina Jesionowska
37%
1960 Rzym Halina Richter
37%
1960 Rzym Jarosława Jóźwiakowska
37%
1964 Tokio Marian Dudziak
37%
1976 Montreal Ryszard Podlas
37%
1960 Rzym Teresa Wieczorek
37%
1976 Montreal Jerzy Pietrzyk
35%
1976 Montreal Zbigniew Jaremski
35%
Nie znaleziono quizów pasujących do podanych kryteriów
Rozkład punktacji
Procent ludzi z każdym wynikiem
Percentyl według liczby udzielonych odpowiedzi
Twoja historia wyników
Nie rozwiązałeś tego quizu od ostatniego zresetowania